Arabic Country Names - Statistics

General Stats
  • This quiz has been taken 269 times
  • The average score is 20 of 22
Answer Stats
Hint Answer % Correct
Al-‘Irāq Iraq
100%
Al-Kuwait Kuwait
99%
Al-Baḥrayn Bahrain
98%
ʻUmān Oman
98%
Qatar Qatar
98%
As-Sūdān Sudan
97%
Al-Yaman Yemen
97%
Lubnān Lebanon
96%
Lībyā Libya
96%
Sūrīyah Syria
96%
Tūnis Tunisia
96%
As-Saʿūdīyah Saudi Arabia
94%
Jībūtī Djibouti
91%
Mūrītānyā Mauritania
89%
Aṣ-Ṣūmāl Somalia
88%
Maghreb Morocco
83%
Al-Imārāt United Arab Emirates
82%
Masr Egypt
80%
Filasṭīn Palestine
80%
Al-Jazā'ir Algeria
76%
Al-ʾUrdunn Jordan
76%
Juzur al-Qumur Comoros
44%
No matching quizzes found
Score Distribution
Percent of People with Each Score
Percentile by Number Answered
Your Score History
You have not taken this quiz